000 00336nam a22001457a 4500
008 210312b ||||| |||| 00| 0 eng d
020 _a9780763749767
041 _aeng
080 _a610.73
082 _a610.73
100 _a1
101 _aINF
245 _aCreative Nursing Leadership & Management
_cCleark,CH.C
942 _2udc
_cBK
999 _c56588
_d56588